El satiricón /

Guardado en:
Autor Principal: Petronio
Formato: Libro
Publicado: Madrid : Club Internacional del Libro, 1998
Materias:
Etiquetas: Agregar Etiqueta
Sin Etiquetas, Sea el primero en etiquetar este registro!
LEADER 00542nam a22002055a 4500
001 CEM.cems016066
005 20101124164940.0
008 130507s1998##################000#0#####d
003 CEMS
020 |a 8482650629 
082 0 4 |a 877 
100 1 |a Petronio 
245 1 0 |a El satiricón /  |c Petronio 
260 |a Madrid :  |b Club Internacional del Libro,  |c 1998 
300 |a 261 p. 
653 |a Literatura 
653 |a Literatura latina 
653 |a Sátira latina 
653 |a Narrativa 
859 |a CEMS  |b BIB. CEMS - Agricultura  |h 877  |i P448  |p A0271.00  |t Ej.1